000 00681nam a2200181 a 4500
001 000048331
005 20201002061057.0
008 190206s2016 dr d r 000 0 spa d
020 _a9789945167764
040 _aDO-SdBNP
_bspa
_cBNPHU
082 _axxxx
_bS623a
245 0 0 _aSituación del aborto en República Dominicana.
260 _aSanto Domingo :
_bProfamilia,
_c2016.
300 _a196 p. :
_bdiagr. ;
_c28 cm.
500 _aProyecto avanzando en la garantía y defensa de los derechos de las mujeres, de los derechos sexuales y los derechos reproductivos.
504 _aIncluye referencias bibliográficas y notas al pie de las paginas
590 _aInventariado, 2019/BT
999 _c47819
_d47819